Online
Catalog

Aeronaves del futuro / (Record no. 23215)

MARC details
000 -CABECERA
campo de control de longitud fija 00848nam a2200265 a 4500
001 - NÚMERO DE CONTROL
campo de control 000023719
003 - IDENTIFICADOR DEL NÚMERO DE CONTROL
campo de control OSt
005 - FECHA Y HORA DE LA ÚLTIMA TRANSACCIÓN
campo de control 20201001141333.0
008 - DATOS DE LONGITUD FIJA--INFORMACIÓN GENERAL
campo de control de longitud fija 101221s1978 mx ac r 001 0 spa d
020 ## - NÚMERO INTERNACIONAL ESTÁNDAR DEL LIBRO
Número Internacional Estándar del Libro 9684090056
040 ## - FUENTE DE LA CATALOGACIÓN
Centro catalogador/agencia de origen DO-SdBNP
Lengua de catalogación spa
Centro/agencia transcriptor BNPHU
049 ## - FONDOS LOCALES (OCLC)
Fondos de biblioteca BNGR
082 ## - NÚMERO DE LA CLASIFICACIÓN DECIMAL DEWEY
Número de clasificación 629.133
Número de documento/Ítem W582a
100 1# - ENTRADA PRINCIPAL--NOMBRE DE PERSONA
Nombre de persona White, William J.,
Fechas asociadas al nombre 1850-1923
9 (RLIN) 48843
240 10 - TÍTULO UNIFORME
Título uniforme Airships for the future.
Lenguaje de la obra Español
245 10 - MENCIÓN DE TÍTULO
Título Aeronaves del futuro /
Mención de responsabilidad, etc. William J. White ; traducción de Ana Sylvia Villegas C.
260 ## - PUBLICACIÓN, DISTRIBUCIÓN, ETC.
Lugar de publicación, distribución, etc. México :
Nombre del editor, distribuidor, etc. Editores Asociados M.,
Fecha de publicación, distribución, etc. 1978.
300 ## - DESCRIPCIÓN FÍSICA
Extensión 206 p. :
Otras características físicas il., retrs. ;
Dimensiones 20 cm.
500 ## - NOTA GENERAL
Nota general Incluye índice
504 ## - NOTA DE BIBLIOGRAFÍA, ETC.
Nota de bibliografía, etc. Incluye referencias bibliográficas y notas al pie de las páginas.
650 #4 - PUNTO DE ACCESO ADICIONAL DE MATERIA--TÉRMINO DE MATERIA
Término de materia o nombre geográfico como elemento de entrada Aeronaves
9 (RLIN) 48844
700 1# - PUNTO DE ACCESO ADICIONAL--NOMBRE DE PERSONA
Nombre de persona Villegas C., Ana Sylvia,
Término indicativo de función/relación tr.
9 (RLIN) 48845
942 ## - ELEMENTOS DE PUNTO DE ACCESO ADICIONAL (KOHA)
Fuente del sistema de clasificación o colocación Dewey Decimal Classification
Tipo de ítem Koha Libros y folletos
956 ## - LOCALIZACIÓN Y ACCESO ELECTRÓNICOS LOCAL (OCLC)
Nombre del host LOPEREZ
Holdings
Estado de retiro Estado de pérdida Fuente del sistema de clasificación o colocación Restricciones de uso No para préstamo Código de colección Localización permanente Ubicación/localización actual Fecha de adquisición Número de inventario Total de préstamos Signatura topográfica completa Código de barras Fecha visto por última vez Precio válido a partir de Tipo de ítem Koha Ubicación en estantería Número de copia
    Dewey Decimal Classification   Excluido de préstamo Monografías: Libros y Folletos General General 21.12.2010 LF1   629.133 W582a 23719-10 25.06.2020 25.06.2020 No se presta    
  Extraviado     Excluido de préstamo Monografías: Libros y Folletos General General 10.04.2017 LF1   629.133 W582a 23719-20 25.06.2020 25.06.2020 No se presta Extraviado e. 2

Powered by Koha